000 00548nam a2200181 a 4500
005 20210223125421.0
008 040818s2002 mx r 000 0 spa d
020 _a8430311815
035 _aUPN01000134300
049 _aC
050 4 _aPC4271
_bQ5.6
245 0 4 _aLos 15.000 verbos españoles :
_bsu gramática, clasificación y conjugación /
260 _aBarcelona, Esp. :
_bR. Sopena,
_c2002.
300 _a836 p.
650 4 _aESPAÑOL -
_xVERBO -
_vDICCIONARIOS
_910599
650 4 _aESPAÑOL -
_xGRAMATICA -
_xVERBO
_915995
905 _aLibro
999 _c106451
_d106451